Datum a čas kvízu

19 Celkem bodů Celkový počet nahraných bodů na tomto kvízu bez doplňovacích otázek.
11. Pořadí na kvízu Konečné umístění týmu na tomto kvízu.

Zaznamenané odpovědi

# Otázka Odpověď Body Výsledky
1. V neděli proběhly v pražské zo... D) luskoun 0
2. Který člen britské královské r... princ George, 11. narozeniny 0
3. Firma Mattel uvedla minulý týd... C 0
4. V ulicích 38tisícového Vernier... C) vystavování venkovní reklamy 1
5. Po pouhých dvou kolech nové li... František Straka 0
6. Napište italský název tohoto t... radiatori 0
7. Zelené části brambor by se nem... solanin 0
8. Nyní se zaměříme naopak na lát... pohanka 0
9. Zobrazený tenký měkký chléb je... lavaš 0
10. Pod kterým jednoslovným názvem... quinoa 0